| 000 | 00346nam a22001337a 4500 | ||
|---|---|---|---|
| 003 | 1 | ||
| 005 | 20241205115624.0 | ||
| 008 | 241205b xxu||||| |||| 00| 0 eng d | ||
| 100 | _aLayla Lee | ||
| 245 |
_aMinay Kim and the yummy seaweed business/ _cLee, Lyla |
||
| 260 |
_aNew York: _bAlladin; _c2020 |
||
| 300 |
_a86 pp. _c190 cm. |
||
| 942 |
_2ddc _cBK |
||
| 999 |
_c366810 _d366810 |
||